000 00337nam a2200121Ia 4500
008 220217s9999||||xx |||||||||||||| ||und||
082 _a410 IVI
100 _aIvierenberg, Gerard, I and Calex, Henery, H
245 0 _aHow to read a personlike a book
260 _aPoket
_bNew Delhi
_c1971
300 _b345
650 _aGENERAL BOOKS
999 _c175256
_d175256